Statistics for Popular Music of the '90s

Click here to take the quiz!

General Stats

  • This quiz has been taken 4,911 times
  • The average score is 8 of 15

Answer Stats

HintAnswer% Correct
Smells Like Teen SpiritNirvana
95%
WannabeSpice Girls
83%
Losing My ReligionREM
81%
Livin' La Vida LocaRicky Martin
73%
Kiss From a RoseSeal
66%
Just A Girl; Don't SpeakNo Doubt
63%
Fast CarTracy Chapman
57%
Baby Got BackSir Mix-a-lot
51%
Gin and JuiceSnoop Dogg
51%
LoserBeck
45%
JeremyPearl Jam
43%
You're Still the OneShania Twain
41%
Janie's Got a GunAerosmith
38%
Macarena (Bayside Boys Mix)Los Del Rio
21%
Hold OnWilson Phillips
20%

Score Distribution

Percentile by Number Answered

Percent of People with Each Score

Your Score History

You have not taken this quiz